000 01125nam a2200313 4500
003 OSt
005 20260530115257.0
008 260417b19691978maua|||| |||| 00| 0 eng d
020 _a026223033X
_qencuadernado en tela
020 _a0262730472
_qrústica
040 _aICI
_bspa
_cICI
050 4 _aN332.B38
_bW5413 1969
100 1 _aWingler, Hans Maria
_eautor
_930673
240 1 4 _aDas Bauhaus.
_lInglés
245 1 4 _aThe Bauhaus :
_bWeimar, Dessau, Berlin, Chicago /
_cby Hans M. Wingler ; translated by Wolfgang Jabs and Basil Gilbert ; edited by Joseph Stein
264 1 _bMIT Press,
_c1969
_aCambridge, Massachusetts :
300 _a658 páginas
_bilustraciones
336 _atexto
_2rdacontent
337 _asin medio
_2rdamedia
338 _avolumen
_2rdacarrier
500 _a"Originally published in german in 1962 under the name: Das Bauhaus"
500 _aReimpresiones: (1978)
610 2 4 _aBauhaus
_96995
700 1 _aJabs, Wolfgang,
_etraductor
_930674
700 1 _aGilbert, Basil,
_930675
700 1 _aStein, Joseph,
_d1977-
_eeditor
_930676
700 1 _aWingler, Hans Maria
_930673
942 _2lcc
_cBK
999 _c12672
_d12672